| 000 | 01200nam a2200301 i 4500 | ||
|---|---|---|---|
| 003 | EG-ScBUE | ||
| 005 | 20240103095507.0 | ||
| 008 | 100705s1992 ua o f 000 0 aara d | ||
| 017 | _a1990 / 9774 | ||
| 020 | _a9775147034 | ||
| 040 |
_aEG-ScBUE _bara _erda _cEG-ScBUE _dEG-ScBUE |
||
| 043 | _af-ua--- | ||
| 082 | 0 | 4 |
_222 _a962.054 _bع ف ي |
| 100 | 1 |
_915890 _aعفيفى، يوسف، _d1927- _eمؤلف. |
|
| 245 | 1 | 0 |
_aأبطال الفرقة 19 : _bمقاتلون فوق العادة / _cفريق يوسف عفيفي. |
| 250 | _aالطبعة الثانية. | ||
| 264 | 1 |
_aالقاهرة : _bدار الصفوة للطباعة والنشر والتوزيع، _c1992. |
|
| 300 |
_a317 صفحة : _bصور ؛ _c24 سم |
||
| 336 |
_2rdacontent _aنص _btxt |
||
| 337 |
_aبدون وسيط _2rdamedia _bn |
||
| 338 |
_aمجلد _bnc _2rdacarrier |
||
| 541 |
_aألف باء ؛ _cشراء ؛ |
||
| 600 | 1 | 7 |
_aعفيفي، يوسف _d1927- _xمذكرات. _2BUEsh |
| 650 | 7 |
_916117 _aحرب أكتوبر 1973م _zمصر. _2BUEsh |
|
| 651 | 7 |
_aمصر _xتاريخ _yالعصر الحديث _yأنور السادات (1970-1981). _2BUEsh |
|
| 655 | _vReading book | ||
| 942 |
_2ddc _cBB |
||
| 999 |
_c14376 _d14376 |
||